[Event "Bad Wildungen Seniors op-B 1st"]
[Site "Bad Wildungen"]
[Date "2004.07.04"]
[Round "2"]
[White "Mack, Guenther"]
[Black "Juergens, Helmut"]
[Result "0-1"]
[WhiteElo "1619"]
[BlackElo "1597"]
[PlyCount "104"]
[EventDate "2004.07.03"]
[EventType "swiss"]
[EventRounds "9"]
[EventCountry "GER"]
[SourceTitle "EXT 2006"]
[Source "ChessBase"]
[SourceDate "2005.11.24"]
[SourceVersion "1"]
[SourceVersionDate "2005.11.24"]
[SourceQuality "1"]

1. e4 e5 2. Nf3 d6 3. Bc4 h6 4. 0-0 Bg4 5. d3 Nf6 6. c3 Nc6 7. Nbd2 Be7 8. Re1 0-0 9. Bb3 Na5 10. Bc2 c5 11. Nf1 Nc6 12. Ne3 Bh5 13. h3 Nh7 14. Nd5 Bg5 15. Be3 Bxe3 16. Rxe3 Ng5 17. Qf1 Nxf3+ 18. gxf3 f5 19. Qg2 Ne7 20. Bb3 Kh8 21. Kf1 Nxd5 22. Bxd5 f4 23. Ree1 Rf6 24. Ke2 Rg6 25. Qh2 Qb6 26. Rab1 Rf8 27. Rg1 Rff6 28. Rxg6 Bxg6 29. h4 Bf7 30. Bxf7 Rxf7 31. Qh3 Rf6 32. Qg4 Qc6 33. Rg1 Qc7 34. h5 b5 35. Kd2 a5 36. a3 Rf8 37. Qh3 b4 38. axb4 cxb4 39. cxb4 Qb6 40. Qg2 Qxb4+ 41. Kc1 Rg8 42. Qf1 a4 43. Qe2 Rc8+ 44. Kb1 Rb8 45. Rc1 a3 46. Rc2 Qb3 47. Qd1 Kh7 48. Qd2 Rb7 49. Qd1 axb2 50. Qg1 Rb8 51. Qg6+ Kh8 52. Qf5 Qxc2+ 0-1

[Event "Schwarzwald Seniors op 12th"]
[Site "Steinach"]
[Date "2004.04.03"]
[Round "2"]
[White "Mack, Guenther"]
[Black "Roggenstein, Bruno"]
[Result "1/2-1/2"]
[WhiteElo "1661"]
[BlackElo "1853"]
[PlyCount "55"]
[EventDate "2004.03.29"]
[EventType "swiss"]
[EventRounds "9"]
[EventCountry "GER"]
[SourceTitle "EXT 2006"]
[Source "ChessBase"]
[SourceDate "2005.11.24"]
[SourceVersion "1"]
[SourceVersionDate "2005.11.24"]
[SourceQuality "1"]

1. e4 e6 2. d4 d5 3. Nd2 Nf6 4. e5 Nfd7 5. f4 c5 6. c3 Nc6 7. Ndf3 Be7 8. Bd3 f5 9. Ne2 0-0 10. 0-0 Qe8 11. Be3 cxd4 12. Nexd4 Nc5 13. Rc1 Nxd3 14. Qxd3 Bd7 15. a3 a6 16. c4 dxc4 17. Qxc4 Qg6 18. Rfd1 Rac8 19. Qe2 Rfd8 20. Rc2 Nxd4 21. Nxd4 Bc5 22. Rcd2 Be8 23. b4 Bxd4 24. Rxd4 Rxd4 25. Rxd4 Bc6 26. Rd6 h6 27. Qa2 Re8 28. Qd2 1/2-1/2

[Event "Hohenloher op 10th"]
[Site "Forchtenberg"]
[Date "2003.06.20"]
[Round "4"]
[White "Mack, Guenther"]
[Black "Christ, Gerhard"]
[Result "1-0"]
[WhiteElo "1661"]
[BlackElo "1611"]
[PlyCount "79"]
[EventDate "2003.06.19"]
[EventType "swiss"]
[EventRounds "7"]
[EventCountry "GER"]
[SourceTitle "EXT 2004"]
[Source "ChessBase"]
[SourceDate "2003.11.25"]
[SourceVersion "1"]
[SourceVersionDate "2003.11.25"]
[SourceQuality "1"]

1. e4 e5 2. Nf3 f5 3. exf5 d6 4. Bc4 Nf6 5. d3 Bxf5 6. 0-0 Nc6 7. c3 Qd7 8. a4 a6 9. Qe2 0-0-0 10. b4 Be6 11. Nbd2 Bxc4 12. Nxc4 Qg4 13. Bg5 h6 14. Bxf6 gxf6 15. b5 Rg8 16. Ne3 Qg7 17. bxc6 bxc6 18. Rfb1 f5 19. Ne1 Qg6 20. Qb2 f4 21. Qb7+ Kd7 22. Nc4 Be7 23. Nb6+ Ke6 24. Qxc7 d5 25. Qxc6+ Rd6 26. Qb7 Rdd8 27. Qxa6 Kf7 28. Qb5 Qe6 29. a5 e4 30. d4 Rg5 31. a6 Rdg8 32. Kf1 R8g6 33. a7 f3 34. Qd7 Qxd7 35. Nxd7 Bd6 36. Ne5+ Bxe5 37. dxe5 Rxg2 38. Rb7+ Ke6 39. Ra6+ Kxe5 40. Rxg6 1-0

[Event "Hohenloher op 10th"]
[Site "Forchtenberg"]
[Date "2003.06.20"]
[Round "3"]
[White "Malzer, Werner"]
[Black "Mack, Guenther"]
[Result "1/2-1/2"]
[WhiteElo "1874"]
[BlackElo "1661"]
[PlyCount "108"]
[EventDate "2003.06.19"]
[EventType "swiss"]
[EventRounds "7"]
[EventCountry "GER"]
[SourceTitle "EXT 2004"]
[Source "ChessBase"]
[SourceDate "2003.11.25"]
[SourceVersion "1"]
[SourceVersionDate "2003.11.25"]
[SourceQuality "1"]

1. e4 d6 2. d4 Nf6 3. Nc3 g6 4. Nf3 Bg7 5. Be2 c5 6. dxc5 Qa5 7. 0-0 Qxc5 8. Be3 Qc7 9. Nd4 a6 10. a4 Nc6 11. Nd5 Nxd5 12. exd5 Nxd4 13. Bxd4 Bxd4 14. Qxd4 0-0 15. c4 Qc5 16. Qd2 a5 17. Ra3 e5 18. h4 f5 19. h5 f4 20. Rc3 Bf5 21. b3 b6 22. g4 fxg3 23. Rxg3 Ra7 24. Bg4 Qc8 25. Bxf5 Qxf5 26. hxg6 hxg6 27. Qe3 Rb7 28. Kg2 Rff7 29. Rg5 Qf6 30. Rg1 Rg7 31. Kf1 Rbf7 32. R1g3 Rb7 33. Rf3 Qe7 34. Rfg3 Qf6 35. Rh3 Qf4 36. Ke2 Qxe3+ 37. Kxe3 Rbf7 38. Rhg3 Rf6 39. f3 Kh7 40. Rg2 Rgf7 41. R5g3 Rg7 42. Rh3+ Kg8 43. Rgh2 Kf8 44. Rh8+ Rg8 45. Rxg8+ Kxg8 46. b4 Rf4 47. bxa5 bxa5 48. Rc2 Kf7 49. Rc3 Rd4 50. Kf2 Kf6 51. Kg3 Ke7 52. Kf2 g5 53. Ke3 Kd7 54. Rc1 Ke7 1/2-1/2

[Event "Wuerttemberg-ch Seniors 15th"]
[Site "Ellwangen"]
[Date "2003.04.19"]
[Round "9"]
[White "Walther, Diethelm"]
[Black "Mack, Guenther"]
[Result "1-0"]
[WhiteElo "2090"]
[BlackElo "1693"]
[PlyCount "33"]
[EventDate "2003.04.??"]
[EventType "swiss"]
[EventRounds "9"]
[EventCountry "GER"]
[SourceTitle "EXT 2006"]
[Source "ChessBase"]
[SourceDate "2005.11.24"]
[SourceVersion "1"]
[SourceVersionDate "2005.11.24"]
[SourceQuality "1"]

1. d4 d5 2. Nf3 Nf6 3. Bf4 Nbd7 4. e3 Nh5 5. Be5 Nxe5 6. Nxe5 Nf6 7. Bd3 e6 8. 0-0 Bd6 9. f4 Ne4 10. Qf3 Nf6 11. g4 g6 12. Nd2 0-0 13. Qh3 Re8 14. g5 Bxe5 15. fxe5 Ne4 16. Bxe4 Qxg5+ 17. Bg2 1-0

[Event "Wuerttemberg-ch Seniors 13th"]
[Site "Ellwangen"]
[Date "2001.??.??"]
[Round "5"]
[White "Adler, Wilfried"]
[Black "Mack, Guenther"]
[Result "1-0"]
[WhiteElo "1998"]
[BlackElo "1668"]
[PlyCount "89"]
[EventDate "2001.04.??"]
[EventType "swiss"]
[EventRounds "9"]
[EventCountry "GER"]
[SourceTitle "EXT 2006"]
[Source "ChessBase"]
[SourceDate "2005.11.24"]
[SourceVersion "1"]
[SourceVersionDate "2005.11.24"]
[SourceQuality "1"]

1. c4 Nf6 2. Nc3 c5 3. g3 Nc6 4. Bg2 d6 5. e3 g6 6. Nge2 Bg7 7. d4 cxd4 8. Nxd4 Bd7 9. 0-0 0-0 10. b3 a6 11. Bb2 Qc7 12. Rc1 Rac8 13. Qd2 Nxd4 14. Qxd4 Bc6 15. f3 Nd7 16. Qd2 Ne5 17. h3 f5 18. Nd5 Qd8 19. Rcd1 e6 20. Nf4 Qe7 21. Ba3 Rfd8 22. Bxd6 Qd7 23. Qe2 Qf7 24. Bxe5 Bxe5 25. Kf2 b5 26. Rxd8+ Rxd8 27. Rd1 Rxd1 28. Qxd1 Qd7 29. Qxd7 Bxd7 30. Nd3 Bd6 31. c5 Bc7 32. f4 a5 33. a3 Kf7 34. b4 Ke7 35. Bb7 Kd8 36. e4 Bc8 37. Ba8 Kd7 38. e5 a4 39. Ne1 h5 40. h4 Bb8 41. Nc2 Kc7 42. Nd4 Bd7 43. Ke3 Ba7 44. Bf3 Kc8 45. Be2 1-0

[Event "Wuerttemberg-ch Seniors 12th"]
[Site "Ellwangen"]
[Date "2000.??.??"]
[Round "1"]
[White "Mack, Guenther"]
[Black "Pietruske, Siegfried"]
[Result "0-1"]
[WhiteElo "1700"]
[BlackElo "1915"]
[PlyCount "82"]
[EventDate "2000.04.??"]
[EventType "swiss"]
[EventRounds "9"]
[EventCountry "GER"]
[SourceTitle "EXT 2006"]
[Source "ChessBase"]
[SourceDate "2005.11.24"]
[SourceVersion "1"]
[SourceVersionDate "2005.11.24"]
[SourceQuality "1"]

1. e4 e6 2. d4 d5 3. Nd2 dxe4 4. Nxe4 Nd7 5. Nf3 Be7 6. Bd3 Ngf6 7. Nxf6+ Nxf6 8. 0-0 0-0 9. c3 c5 10. Qc2 h6 11. h3 b6 12. Be3 Bb7 13. Qe2 Qc7 14. Ne5 Bd6 15. f4 Nd5 16. Bd2 cxd4 17. cxd4 Rac8 18. Rf3 Nb4 19. Rg3 Nxd3 20. Qxd3 Qc2 21. Qxc2 Rxc2 22. Bc3 f6 23. Nd3 Be4 24. Rf1 Bxd3 25. Rxd3 Re2 26. Rdf3 Rc8 27. Rd3 b5 28. a3 a5 29. d5 exd5 30. Rxd5 Bc5+ 31. Kh1 b4 32. Bd4 Bxd4 33. Rxd4 Rcc2 34. axb4 Rxg2 35. Ra1 axb4 36. Rxb4 Rh2+ 37. Kg1 Rxh3 38. Rb7 Rg3+ 39. Kh1 Rf2 40. b4 Rxf4 41. b5 Rh4# 0-1

[Event "Wuerttemberg-ch Seniors 12th"]
[Site "Ellwangen"]
[Date "2000.??.??"]
[Round "8"]
[White "Mack, Guenther"]
[Black "Siegl, Wolfgang"]
[Result "1/2-1/2"]
[WhiteElo "1700"]
[BlackElo "1670"]
[PlyCount "69"]
[EventDate "2000.04.??"]
[EventType "swiss"]
[EventRounds "9"]
[EventCountry "GER"]
[SourceTitle "EXT 2006"]
[Source "ChessBase"]
[SourceDate "2005.11.24"]
[SourceVersion "1"]
[SourceVersionDate "2005.11.24"]
[SourceQuality "1"]

1. e4 c5 2. Nf3 Nc6 3. d4 cxd4 4. Nxd4 Nf6 5. Nc3 Qb6 6. Nb3 e6 7. Be3 Qc7 8. a3 a6 9. Bd3 Be7 10. 0-0 0-0 11. f4 d6 12. h3 b5 13. Ne2 Bb7 14. c3 Na5 15. Nxa5 Qxa5 16. b4 Qc7 17. Qc2 Rac8 18. Rac1 Nd7 19. e5 g6 20. exd6 Bxd6 21. Be4 Nb6 22. Bxb7 Qxb7 23. Rcd1 Nc4 24. Bc1 Bb8 25. Kh1 Ba7 26. Nd4 Rfd8 27. Qf2 Nd6 28. Qf3 Qxf3 29. Rxf3 Ne4 30. Bb2 Rd7 31. Kg1 Rcd8 32. Kf1 f5 33. Ke2 g5 34. g3 Kf7 35. Rfd3 1/2-1/2

[Event "Wuerttemberg-ch Seniors 12th"]
[Site "Ellwangen"]
[Date "2000.??.??"]
[Round "6"]
[White "Rudnick, Werner"]
[Black "Mack, Guenther"]
[Result "1-0"]
[WhiteElo "2120"]
[BlackElo "1700"]
[PlyCount "75"]
[EventDate "2000.04.??"]
[EventType "swiss"]
[EventRounds "9"]
[EventCountry "GER"]
[SourceTitle "EXT 2006"]
[Source "ChessBase"]
[SourceDate "2005.11.24"]
[SourceVersion "1"]
[SourceVersionDate "2005.11.24"]
[SourceQuality "1"]

1. e4 c5 2. Nf3 d6 3. d4 cxd4 4. Nxd4 Nf6 5. Nc3 a6 6. a4 Nc6 7. Be2 e6 8. 0-0 Be7 9. Be3 0-0 10. f4 Bd7 11. Bf3 Rc8 12. Nce2 Qc7 13. c3 Rfd8 14. Qe1 Be8 15. Qg3 d5 16. e5 Nd7 17. h4 Bf8 18. b4 Nxd4 19. Bxd4 Nb6 20. a5 Nc4 21. Bg4 Bb5 22. f5 Bd7 23. f6 g6 24. h5 g5 25. h6 Bxh6 26. Bh5 Bb5 27. Rad1 Kh8 28. Qh3 Bf8 29. Qg3 h6 30. Kh2 Rd7 31. Rh1 Qb8 32. Kg1 Nb2 33. Rb1 Nc4 34. Qxg5 Kh7 35. Bg4 Rdd8 36. Kf2 Nd6 37. exd6 Qxd6 38. Be3 1-0